000 02370nam0a2200421 4500
001 RU\NLR\bibl\895240
005 20260405093820.0
010 _z5-8044-528-4
_9600
021 _aRU
_b2005-69071
_93402
035 _a(nilc)RSL-KNO-002763791
035 _a(NLR Aleph) 000883711
090 _a1675036
_c1675036
100 _a20051028d2005 |||y0rusy50 ca
101 0 _arus
_deng
_eeng
102 _aRU
105 _aa |||||||||
106 _ar
200 1 _aОрганизация науки в России
_dScience formation in Russia
_eучеб. пособие для студентов вузов
_eучеб. пособие для студентов вузов региона
_fВ. В. Богатов
_gМ-во образования и науки Рос. Федерации, Федер. агентство по образованию, Дальневост. гос. ун-т, Рос. акад. наук, Дальневост. отд-ние, Биол.-почв. ин-т
_zeng
210 _aВладивосток
_cДальнаука
_d2005
_gТип. ФГУП Изд-во Дальнаука ДВО РАН
215 _a289, [2] с.
_cил., портр.
_d22
300 _aАвт. также на англ. яз.: V.V. Bogatov
300 _aНа 4-й с. обл. авт.: Богатов В.В. - д.б.н., проф.
300 _aРез. на англ. яз.
320 _aБиблиогр.: с. 281-285
510 0 _6z11790
_aScience formation in Russia
_zeng
606 1 _aНаука
_jУчебные издания для высших учебных заведений
_xИстория
_yРоссия
_9901205
_3RU\NLR\auth\66327660
610 0 _aКультура. Наука. Просвещение -- Наука. Научно-исследовательская работа -- Наука -- Российская Федерация -- Учебник для высшей школы
686 _aЧ214(2)я73-1
_2rubbk
686 _aЧ213(2)я73
700 1 _4070
_8rus
_7ca
_aБогатов
_bВ.В.
_f1951-
_gВиктор Всеволодович
_3RU\NLR\auth\7734668
_917671
790 1 _4070
_8rus
_7ba
_aBogatov
_bV.V.
_f1951-
_gViktor Vsevolodovič
_3RU\NLR\auth\7734669
_917672
801 0 _aRU
_bRuMoRKP
_c20051028
_grcr
801 1 _aRU
_bRuMoRGB
_c20051028
801 2 _aRU
_bNLR
_c20060110
_grcr
942 _cBOOK
980 _aNB
980 _aNBR